| 000 | 00829nam a2200253 i 4500 | ||
|---|---|---|---|
| 001 | bg | ||
| 100 | 1 | _aLITWINOWICZ, Leszek | |
| 245 | 1 | 0 |
_aStateczność skarp budowli ziemnych w warunkach wpływu poziomych deformacji podłoża / _cLeszek Litwinowicz ; Politechnika Lubelska. |
| 260 |
_aLublin : _bWydaw. PL, _c2003. |
||
| 300 |
_a138 s. : _bil. ; _c24 cm. |
||
| 504 | _aBibliogr. | ||
| 650 | 9 |
_aGeologia inżynierska _xgórnictwo |
|
| 650 | 9 |
_aMechanika gruntów _xgórnictwo _xbadanie |
|
| 650 | 9 |
_aNaprężenia i odkształcenia _xbadanie _xmetody |
|
| 650 | 9 |
_aStateczność _xbadanie _xmetody |
|
| 710 | 0 | _aPolitechnika Lubelska | |
| 020 | _a8389246260 | ||
| 040 | _cBPK | ||
| 041 | 0 | _apol | |
| 080 | _a624.131:622.1:539.3/.6 | ||
| 920 | _a83-89246-26-0 | ||
| 942 | _cKS | ||
| 008 | s pl f |000 0 pol | ||
| 999 |
_c43737 _d43737 |
||
| 856 |
_uhttp://koha.tu.koszalin.pl/cgi-bin/koha/opac-detail.pl?biblionumber=43737 _yKatalog online BPK |
||